000 00689nam a2200181Ia 4500
003 GCL
008 140319s9999 xx 000 0 ara d
040 _aGCL /
_cGCL
082 0 4 _a932.098
_bر م
100 1 _aرافت عبدالحميد (مراجع)
245 1 0 _aملامح الشخصية المصرية فى العصر المسيحى (هدية من الاديب عبدالفتاح الجمل) /
_cرافت عبدالحميد (مراجع)
260 _a[S.N] :
_bمؤسسة روزاليوسف
490 _aالهيئة العامة للاستعلامات
_v0
650 0 4 _aالاقباط
650 0 4 _aمصر - تاريخ
650 0 4 _aالمسيحية - مصر
942 _2ddc
_cBK
999 _c38457
_d38457